00652nam a22001697a 450000500170000001000130001702000260003003500110005603700160006708200120008310000390009524501210013424600790025526000490033427000770038330000220046020191202131141.0 aUR-10645 c250.00a9789389002157 aU-9200 bDBAD/PUBa- a920.270 aمحمد حفظ ا لر حما ن  aحضر ت ر ا بعہ بصر ی :حا لا ت ز ند گی ا و ر تصو ف cمحمد حفظ ا لر حما ن  bHazrat Rabia Basri:Halat-e-Zindagi Aur Tassawwuf (Urdu)aby Hifzur Rahman aDelhibEducational Publishing Housec2019 ء a3191,Vakil Street, Kucha Pandit,Lal Kuan,bDelhie110006k01123216162l- a244ص c22 Cm(Hb)